000 00707nam a2200241 i 4500
001 C2-0139618
003 PPAK
005 20180727124838.0
008 971223s1975 miu |||| ||||| | eng d
040 _aPPAK
_beng
_cPPAK
_erda
082 0 4 _a959.5
_223
090 0 0 _a959.5
_bWIL
_dKK
100 1 _aWiller, Thomas Frank,
_eauthor
245 1 0 _aReligious administrative development in colonial Malay State 1874 - 1941
264 1 _aMichigan :
_bUMI ,
_c1975
300 _aviii, 336 pages ;
_c21 cm
336 _2rdacontent
_atext
337 _2rdamedia
_aunmediated
338 _2rdacarrier
_avolume
500 _aTesis - Ph.D ; Tidak boleh difotokopi
650 1 0 _aMalaysia - History
942 _ddc
_cB
999 _c43677
_d43677